000 01183nam a22002177a 4500
008 090803t xxu||||| |||| 00| 0 eng d
020 _a9781405876933
020 _a9781405878395 (CD- Rom)
082 _222
_a428.64
_bROL
100 1 _aRollason, Jane
_98326
245 _aGandhi /
_cJane Rollason.
260 _aEngland :
_bPearson Education Limited,
_cc2004.
300 _aiv, 27 p.:
_bill.;
_c20 cm. +
_e1 CD-ROM (4 3/4 in.)
490 0 _aPenguin Readers ;
_v2
500 _a Level 2, 600 headwords, Elementary"-- Cover
650 0 _aEnglish fiction
_98322
942 _2ddc
_cBB
999 _c12519
_d12519